| 000 | 01049nam a22003017a 4500 | ||
|---|---|---|---|
| 999 |
_c21939 _d21939 |
||
| 003 | AR-CdUCM | ||
| 008 | 190527b ||||| |||| 00| 0 spa d | ||
| 040 |
_aMUNICIPALIDAD PROVINCIAL DEL CUSCO _cBIBLIOTECA MUNICIPAL DEL CUSCO |
||
| 082 |
_a780.61/N56H _bN56H |
||
| 110 |
_aMunicipalidad del Cusco _9876 |
||
| 245 |
_aHimno del Cusco / _cLetras, Luis Nieto Miranda, Música Roberto Ojeda Campana |
||
| 260 |
_aCusco : _bMunicipalidad del Cusco, _c1985. |
||
| 300 |
_a7 páginas. : _c29 cm. |
||
| 500 | _aMelografía | ||
| 505 | _aContenido: Himno del Cusco. Melografía. Coro I Piano. -- Piano conductor | ||
| 650 |
_aHimno cusqueño _942153 |
||
| 650 |
_aHimnos _930050 |
||
| 650 |
_aMúsica _91443 |
||
| 650 |
_aNotas musicales _93142 |
||
| 650 |
_aPentagrama _93141 |
||
| 650 |
_aMelografía _946928 |
||
| 650 |
_aCusco _9772 |
||
| 700 |
_aNieto Miranda, Luis _eTexto _931822 |
||
| 700 |
_aOjeda Campa, Roberto _eMúsica _946929 |
||
| 700 |
_aIbañez Rodríguez, Antonio _eVersión coral _946930 |
||
| 942 |
_2ddc _cLIBROS |
||
| 945 | _ar.a.c | ||